Central Library OPAC University of Rajshahi

Essentials of Plant Taxonomy & Ecology / (Record no. 67609)

MARC details
000 -LEADER
fixed length control field 00669nam a2200241 a 4500
001 - CONTROL NUMBER
control field 67609
003 - CONTROL NUMBER IDENTIFIER
rucl marc code BD-RjUL
005 - DATE AND TIME OF LATEST TRANSACTION
control field 20211209081656.0
008 - FIXED-LENGTH DATA ELEMENTS--GENERAL INFORMATION
fixed length control field 170327s2005 ii a|||| |||| 001 0 eng d
020 ## - INTERNATIONAL STANDARD BOOK NUMBER
International Standard Book Number 8170353696
035 ## - SYSTEM CONTROL NUMBER
System control number (BD-RjUL) 67740
040 ## - CATALOGING SOURCE
Original cataloging agency BD-RjUL
Language of cataloging eng
Transcribing agency BD-RjUL
Modifying agency BD-RjUL
041 ## - LANGUAGE CODE
Language code of text/sound track or separate title eng
082 ## - DEWEY DECIMAL CLASSIFICATION NUMBER
Edition number 23
Classification number 581.7
Author mark and year SIE 2005
100 ## - MAIN ENTRY--PERSONAL NAME
Personal name Singh, M.P
9 (RLIN) 200320
245 ## - TITLE STATEMENT
Title Essentials of Plant Taxonomy & Ecology /
Statement of responsibility, etc. M.P. Singh & S.G Abbas
260 ## - PUBLICATION, DISTRIBUTION, ETC. (IMPRINT)
Place of publication, distribution, etc. Delhi :
Name of publisher, distributor, etc. Daya Pub.,
Date of publication, distribution, etc. c2005.
300 ## - PHYSICAL DESCRIPTION
Pagination 454 p. :
Illustrations ill. ;
Size 25 cm.
500 ## - GENERAL NOTE
General note Includes Index.
650 ## - SUBJECT ADDED ENTRY--TOPICAL TERM
Topical term or geographic name as entry element Plants Ecology
9 (RLIN) 203658
700 ## - ADDED ENTRY--PERSONAL NAME
Personal name Abbas, S.G
942 ## - ADDED ENTRY ELEMENTS (KOHA)
Source of classification or shelving scheme Dewey Decimal Classification
Koha item type Books
Holdings
Lost status Source of classification or shelving scheme Damaged status Not for loan Collection code Permanent Location Current Location Shelving location Date acquired Source of acquisition Cost, normal purchase price Total Checkouts Full call number Date last seen Copy number Koha item type
  Dewey Decimal Classification   Not For Loan Non-fiction Central Library, University of Rajshahi Central Library, University of Rajshahi Reading Room 10/07/2008 Paragon Entrprise 1500.00   581.7 SIE 2005 05/04/2017 C-1 Books